000
00306nam a22001457a 4500
999
_c
2868
_d
2868
003
NUST
020
_a
9789332516977
038
_a
0
082
_a
150
100
_a
Emma Preece
_9
12288
245
_a
Biological psychology
260
_a
Dorling kindersley
_b
Pearson
_c
2014
300
_a
208p
942
_c
BK
_2
ddc